| 000 | 01025cam a2200301 a 4500 | ||
|---|---|---|---|
| 001 | j 68005080 | ||
| 003 | DLC | ||
| 005 | 20260227111523.0 | ||
| 008 | 091113s1956 ja 000 0 jpn | ||
| 010 |
_aj 68005080 _z 2009289159 |
||
| 040 |
_aDLC _cDLC _dDLC |
||
| 043 | _aa-ja--- | ||
| 050 | 0 | 0 |
_aKNX4720 _b.D36 1956 |
| 066 | _c$1 | ||
| 100 | 1 |
_6880-01 _aDandō, Shigemitsu, _d1913-2012. |
|
| 245 | 1 | 0 |
_6880-02 _aShōnenhō / _cDandō Shigemitsu ... [et al.]. |
| 250 |
_6880-03 _aShohan. |
||
| 260 |
_6880-04 _aTōkyō : _bYūhikaku, _cShōwa 31 [1956] |
||
| 300 |
_a6, 407, 10, 2 p. ; _c16 cm. |
||
| 490 | 0 |
_6880-05 _aPoketto chūshaku zensho ; _v5 |
|
| 650 | 0 |
_aChildren _xLegal status, laws, etc. _zJapan. |
|
| 650 | 0 |
_aJuvenile delinquency _zJapan. |
|
| 880 | 1 |
_6100-01/$1 _a團藤重光, _d1913-2012. |
|
| 880 | 1 | 0 |
_6245-02 _a少年法 / _c團藤重光 ... [et al.]. . |
| 880 |
_6250-03/$1 _a初版. |
||
| 880 |
_6260-04 _a東京 : _b有斐閣, _c昭和 31 [1956] |
||
| 880 | 0 |
_6490-05 _aポケット註釋全書 ; _v5 |
|
| 999 |
_c35257 _d35257 |
||